Kliknij państwa Australii i Oceanii na mapie - Statystyki

Ogólne statystyki
  • Ten quiz został rozwiązany 309 razy
  • Średni wynik to 10 z 14
Odpowiedzi na mapie
Odpowiedzi zakodowano w zielono-czerwonej skali na mapie do tego quizu, zgodnie z poniższymi procentami.
 
Statystyki odpowiedzi
Odpowiedź % Poprawnych
Australia
99%
Nowa Zelandia
98%
Papua-Nowa Gwinea
90%
Kiribati
80%
Mikronezja
79%
Fidżi
75%
Wyspy Salomona
72%
Nauru
71%
Vanuatu
71%
Tonga
68%
Palau
67%
Samoa
63%
Tuvalu
60%
Wyspy Marshalla
60%
Nie znaleziono quizów pasujących do podanych kryteriów
Rozkład punktacji
Procent ludzi z każdym wynikiem
Percentyl według liczby udzielonych odpowiedzi
Twoja historia wyników
Nie rozwiązałeś tego quizu